| 000 | 00489nam a2200193 a 4500 | ||
|---|---|---|---|
| 001 | 1755773429998 | ||
| 003 | ACL | ||
| 005 | 20250821162445.0 | ||
| 008 | 250821s2006##################000#0#eng## | ||
| 020 | _a9780486997605 | ||
| 082 | 0 | 4 |
_a745 _bDOV |
| 100 | 1 |
_aInc, Dover Publications, _eauthor. |
|
| 245 | 1 | 0 | _a293 Art Nouveau Designs and Ornaments : |
| 260 |
_bCourier Corporation, _c2006. |
||
| 300 | _a52 pages | ||
| 650 | 0 | _aDesign. | |
| 942 | _cENGLISH | ||
| 040 |
_aACL _beng _cACL |
||
| 999 |
_c583381 _d583381 |
||